000 00848 a2200217 4500
008 240605b mp ||||| |||| 00| 0 mon d
020 _a978-99973-1-119-1
035 _a5565
040 _aHE0623081
_bmon
_cMN-UlNLM
_dMN-UlNLM
_erda
041 _amon
042 _a9447
084 _2NNA
_a87.22
_bГ.185
245 0 _aГайхамшигт шинжлэх ухаан
264 _aУБ.
_bМонсудар хэвлэлийн газар
_c2014
300 _a31х.
336 _2rdacontent
_atext
_btxt
337 _2rdamedia
_aunmediated
_bn
338 _2rdacarrier
_avolume
_bnc
650 _aЭнэ бол шинжлэх ухаан, гэвч чиний мэддэгээс тэс өөр. Үсрэх, цохих, эргэх, гүйх чиний хөдөлгөөн хүч, гэрэл, соронз, молекулууд гэ...
942 _2NNA
_cBK
999 _c877902
_d877959